=LDR 00000nam 2200000 4500 =001 001182 =005 20250710123854 =035 ##$$a 0010-0725000107 =007 ta =008 250710################a##########0#ind## =020 ##$$a 978-623-307-344-8 =082 ##$$a 398.209 598 =084 ##$$a 398.209 598 'SA m =100 #$$a 'Sanjay', Sanjiv Jaiswal =245 1#$$a Maharaja Singa Sakit Gigi /$c Sanjiv Jaiswal 'Sanjay' =250 ##$$a Cetakan Pertama =260 ##$$a Jakarta Timur :$b Badan Pengembangan dan Pembinaan Bahasa,$c 2022 =300 ##$$a 24 hlm : $b ilus. ; $c 29 cm =856 ##$$a TBM AS SUHADA